Normal view
MARC view
Entry Término temático
001 - NÚMERO DE CONTROL
- campo de control: 15722
003 - IDENTIFICADOR DEL NÚMERO DE CONTROL
- campo de control: FranzMayer
005 - FECHA Y HORA DE LA ÚLTIMA TRANSACCIÓN
- campo de control: 20190320205406.0
008 - DATOS DE LONGITUD FIJA
- campo de control de longitud fija: 190320|| aca||aabn | a|a d
040 ## - FUENTE DE LA CATALOGACIÓN
- Centro catalogador/agencia de origen: FranzMayer
- Centro/agencia transcriptor: FranzMayer
150 ## - ENCABEZAMIENTO--TÉRMINO DE MATERIA
- Término de materia o nombre geográfico como elemento de entrada: Indios de México
670 ## - FUENTE DE DATOS ENCONTRADOS
- Cita de la fuente: Work cat.: (FranzMayer): Clavijero, Francisco Javier 15721, Historia antigua de México y de su conquista, sacada de los mejores historiadores españoles, y de los manuscritos y pinturas antiguas de los indios, dividida en diez libros, adornada con mapas y estampas, e ilustrada con disertaciones sobre la tierra, los animales y los habitantes de México, 1844